Aktivizácia domáceho cestovného ruchu na Slovensku
Primárny potenciál rozvoja cestovného ruchu na Slovensku. Kultúrny potenciál rozvoja cestovného ruchu. Výkony v domácom cestovnom ruchu. Dôvody slabých výkonov domáceho cestovného ruchu v SR. Aktivizácia domáceho cestovného ruchu. Ekonomická a neekonomická podpora rozvoja domáceho cestovného ruchu.
Gespeichert in:
| 1. Verfasser: | |
|---|---|
| Format: | Buchkapitel |
| Sprache: | Slowakisch |
| Schlagworte: | |
| Tags: |
Keine Tags, Fügen Sie das erste Tag hinzu!
|
MARC
| LEADER | 00000nla a2200000 4500 | ||
|---|---|---|---|
| 001 | 0215695 | ||
| 005 | 20240417075106.2 | ||
| 041 | 0 | |a slo | |
| 044 | |a SK | ||
| 245 | 1 | 0 | |a Aktivizácia domáceho cestovného ruchu na Slovensku |c Pavol Plesník |
| 520 | |a Primárny potenciál rozvoja cestovného ruchu na Slovensku. Kultúrny potenciál rozvoja cestovného ruchu. Výkony v domácom cestovnom ruchu. Dôvody slabých výkonov domáceho cestovného ruchu v SR. Aktivizácia domáceho cestovného ruchu. Ekonomická a neekonomická podpora rozvoja domáceho cestovného ruchu. | ||
| 610 | 2 | 0 | |a ruch cestovný domáci |
| 610 | 2 | 0 | |a príroda |
| 610 | 2 | 0 | |a kultúra |
| 610 | 2 | 0 | |a pamiatky |
| 610 | 2 | 0 | |a regióny |
| 610 | 2 | 0 | |a vzdelávanie |
| 610 | 2 | 0 | |a podpora štátna |
| 610 | 2 | 0 | |a Slovensko |
| 100 | 1 | |a Plesník, Pavol, 1956- | |